01231nam a22002297a 45000010005000000030006000050050017000110080041000280200018000690400030000870500009001170820011001261000017001372450071001542600036002253000043002615200606003045210029009105210019009396500013009587000030009713688FISKH20240410160511.0240410b cb ||||| |||| 00| 0 eng d a9781407139678 aFISKHbeng cFISKHdFISKH aPZ7  a823.92 aKelly, Mary  a Tiny goat in trouble /cBy Mary Kelly ; Illustrated by Jon Davis  aLondon : bScholastic, c2014.  a130 pages : billustrations ; c20 cm  aHarry is enjoying a seaside walk with his aunt, when he spots a tiny goat on a cliff ledge. It has been separated from its mother, and the baby goat is stranded, unable to make it back up to the top. Harry and his aunt call the RSPCA and an exciting rescue ensues, with two inspectors abseiling down the cliff to retrieve the frightened youngster. Luckily, thanks to the RSPCA's team work and Harry's eagle eye, the baby goat is safely reunited with its mother. An exciting, inspiring story based on a real-life animal rescue. With illustrations throughout and lots of facts about goats and the RSPCA.8 a650 bLexile estimate 8 aP bRaz-Plus  aAnimals  aDavis, Jon eIllustrator